Spoločenská zodpovednosť firiem smerovanie firiem k udržateľnej budúcnosti
Guardado en:
| Autor principal: | |
|---|---|
| Autor Corporativo: | |
| Otros Autores: | , |
| Formato: | Libro |
| Lenguaje: | eslovaco |
| Publicado: |
Bratislava
Vydavateľstvo EKONÓM
2023
|
| Edición: | 1. vydanie |
| Materias: | |
| Etiquetas: |
Sin Etiquetas, Sea el primero en etiquetar este registro!
|
MARC
| LEADER | 00000nam a2200000 4500 | ||
|---|---|---|---|
| 001 | 0296471 | ||
| 005 | 20240502074509.5 | ||
| 020 | |a 978-80-225-5033-8 | ||
| 041 | 0 | |a slo | |
| 044 | |a SK | ||
| 245 | 1 | 0 | |a Spoločenská zodpovednosť firiem |b smerovanie firiem k udržateľnej budúcnosti |c Katarína Chomová ; recenzenti: Barbora Paholková, Radoslav Mizera |
| 250 | |a 1. vydanie | ||
| 264 | 1 | |a Bratislava |b Vydavateľstvo EKONÓM |c 2023 | |
| 300 | |a 213 s. [7,32 AH] | ||
| 610 | 2 | 0 | |a zodpovednosť podniku spoločenská |
| 610 | 2 | 0 | |a podnikanie zodpovedné |
| 610 | 2 | 0 | |a rozvoj trvalo udržateľný |
| 610 | 2 | 0 | |a audit |
| 610 | 2 | 0 | |a ochrana prostredia životného |
| 100 | 1 | |a Chomová, Katarína, 1983- | |
| 700 | 1 | |a Paholková, Barbora | |
| 700 | 1 | |a Mizera, Radoslav, 1982- | |
| 710 | 2 | |a Ekonomická univerzita v Bratislave. Obchodná fakulta | |